000 01905nam a2200289 a 4500
003 DO-SdBNP
005 20250425144237.0
007 ta
008 221007e20042009dr ab||crgl|| 001 0 spa d
020 _a9789945883213
040 _aDO-SdBNP
_bspa
_cBNPHU
082 4 _222
_bR426j
110 _aRepública Dominicana
_bPoder Judicial
_915992
245 1 0 _aJusticia y comunidad :
_b¿qué es el Poder Judicial de República Dominicana /
_cIdeas y producción, Ignacio P. Camacho.
250 _aReimp. 2009
260 _aSanto Domingo :
_bPoder Judicial,
_c2004
300 _a72 p. :
_bil., ;
_c27 cm.
505 _tMensaje del Honorable Magistrado Presidente de la Suprema Corte de Justicia.--
_tLos tres Poderes que componen el Gobierno de la Nación.--
_tDivisión territorial de los tribunales.--
_tPor qué se originan los procesos Judiciales.--
_tSímbolos que identifican al Poder Judicial.--
_tNormas y reglas establecidas en el tribunal.--
_tQuienes componen la Sala de Audiencia.--
_tComo se inicia y termina un caso civil.--
_tComo se inicia y termina un proceso penal.--
_tComo se inicia y termina un caso en material de accidente de tránsito.--
_tEl Juez de Ejecución de Pena.--
_tComo se inicia y termina un caso laboral.--
_tComo se inicia y termina un un caso en materia inmobiliaria.--
_tComo se inicia y termina un caso contencioso-tributario.--
_tComo se inicia y termina un caso de menores de edad.--
_tVocabulario de palabras más usadas en el tribunal.--
_tAlgunas recomendaciones a los ciudadanos.
590 _aInventariado 2022 / MF
650 0 _aJusticia
_xSuprema Corte de Justicia
_zRepública Dominicana
_946174
650 4 _936035
_aTribunales
_zRepública Dominicana
651 4 _924054
_aRepública Dominicana
_xSuprema Corte de Justicia
700 1 _976424
_aCamacho, Ignacio P
710 _aCromo, Soluciones Gráficas Corporativas.
_eil.
_982500
910 _aMFeliz
942 _2ddc
_cLBS1
999 _c52533
_d52533